[Der Psalter mit den Summarien. Doct. Mart. Lutheri. Ein Register von vnterscheid der Psalmen]

Podrobná bibliografia
Korporatívny autor: Krafft, Johann - dedičia (Wittenberg, Nemecko) (Tlačiar)
Ďalší autori: Luther, Martin, 1483-1546 (Autor úvodu atď., Zostavovateľ, kompilátor), Krafft, Johann, dedičia, 16. storočie (Tlačiar)
Médium: Kniha
Jazyk:nemčina
Fyzický popis:[15], 240 listov 8° 17 cm
Vydavateľské údaje: [Wittenberg Gedruckt durch Hans Kraffts Erben M.D.LXXXVI. [=1586]
Predmet:

MARC

LEADER 00000cam a2200000 a 4500
001 vtls001515376
003 SK-MaSNL
005 20260301015440.0
008 251112s1586 gw 000 0 ger
035 |a H 8164Bap 
035 |a urn:nbn:sk:snk-am3iw6d 
035 |a 5A7700FF-0F45-455E-B9E5-72AAD6970B86 
035 |a urn:nbn:sk:snk-am00g6k1 
040 |a SNK  |b slo  |c SNK  |e AACR2 
041 0 |a ger 
044 |a gw  |c DE 
072 7 |a 2-23/-27  |x Biblia. Biblistika  |2 konspekt 
080 |a 27-246  |2 2011 
080 |a 2-27  |2 2011 
080 |a 27  |2 2011 
130 1 |a Biblia  |f 1586  |9 305313 
245 1 0 |a [Der Psalter mit den Summarien. Doct. Mart. Lutheri. Ein Register von vnterscheid der Psalmen] 
246 1 3 |a Biblia - Starý zákon a jeho časti 
260 |a [Wittenberg  |b Gedruckt durch Hans Kraffts Erben  |c M.D.LXXXVI. [=1586] 
300 |a [15], 240 listov  |c 8°  |c 17 cm 
500 |a Iniciálky s ornamentálnym a figurálnym pozadím v rámčeku na 6, 8, 9 riadkov, kustódy 
501 |a Príväzok 1.: GEISTLICHE: Geistliche Lieder vnd Psalmen. - Nürnberg : Valentin Newber. 1567. 8°.  |5 SNK ID 101167/prív.1 
501 |a Príväzok 2.: WEISSE, Michael aus Neisse: Gesangbuch. - Nürnberg : Johann vom Berg vnd Vlrich Newber. 1564. 8°.  |5 SNK ID 101167/prív.2 
501 |a Príväzok 3.: CHRISTLICHE: Christliche Vermanungen. - Regenspurg : Heinrich Geisler. 1567. 8°.  |5 SNK ID 101167/prív.3 
501 |a Príväzok 4.: VIER: Vier Christliche LobGesänge. - Regenspurg : Heinrich Geisler. [cca 1559]. 8°.  |5 SNK ID 101167/prív.4 
504 |a Marginálie 
510 0 |a VD 16 B/3348; GK I,II O 
561 |a Z knižnice františkánov v Bratislave.  |5 SNK ID 101167 
562 |a Defekt: Chýba titulný list. Treba porovnať s úplným exemlárom - Wolfenbüttel A 251.8° Helmst. (1).  |5 SNK ID 101167 
563 |a Väzba: pôvodná, renesančná, bledá koža s ornamentálnou a figurálnou slepotlačou, poškodené spony.  |5 SNK ID 101167 
630 0 7 |a Biblia  |p Nový zákon  |l Grécky  |2 SNKPH  |9 305314 
650 0 7 |a biblistika  |2 SNKPH  |9 1798 
650 0 7 |a kresťanstvo  |2 SNKPH  |9 2024 
655 7 |a staré tlače  |2 SNKPH  |9 69193 
700 1 |a Luther, Martin,  |d 1483-1546  |4 aui  |4 zos  |9 106834 
700 1 |a Krafft, Johann,  |c dedičia,  |d 16. storočie  |4 prt  |9 183531 
710 0 |a Krafft, Johann - dedičia (Wittenberg, Nemecko),  |d 1578-1590  |4 prt  |9 180318 
710 1 |a Františkáni (Bratislava, Slovensko)  |4 fmo  |9 281881 
730 |a Biblia  |9 17043 
752 |a Nemecko  |d Wittenberg 
852 |a snk  |b Historické fondy  |p ID 101167 
958 |a ONDV 
999 |c 560792  |d 562722 
952 |t Fr Ba 8164  |a SNK  |b SNK  |c SNK_HF  |y PREZ  |7 0  |p 17A1355821  |o snkID 101167  |i snk2019/15347  |8 5  |0 0  |1 0  |4 0  |d 2005-04-05  |f 1  |l 0  |r 2005-04-05 00:00:00  |w 2026-02-23